000 00548nam a2200193Ia 4500
005 20250508162321.0
008 008 250505s9999 xx 000 0 eng d
037 _aTextual
040 _aFEDL
_beng
_cFEDL
041 _aeng
_2eng
084 _a181.45, SIN
_qFEDL
100 _aSinha A.K.
_9772834
245 0 _aScience and tantra yoga
260 _aKurukshetra, India
_bVishal Publications
_c1981
300 _axviii,286p.
650 _aOriental Philosophy
_9755543
942 _cTEXL
_h181.45, SIN
999 _c1375798
_d1375798